LIBRARY & INFORMATION CENTRE, KCAET, TAVANUR

ONLINE PUBLIC ACCESS CATALOGUE (OPAC)

Soil forming factors / (Record no. 959)

MARC details
000 -LEADER
fixed length control field 00747cam a2200325ua 4500
041 ## - LANGUAGE CODE
Language code of text/sound track or separate title eng
082 ## - DEWEY DECIMAL CLASSIFICATION NUMBER
Classification number 631.4
Item number GOP/SO
100 ## - MAIN ENTRY--AUTHOR NAME
Personal name Gopalaswamy, V .
245 ## - TITLE STATEMENT
Title Soil forming factors /
260 ## - PUBLICATION, DISTRIBUTION, ETC. (IMPRINT)
Place of publication :
Name of publisher Gopalaswamy V ,
Year of publication 1983.
300 ## - PHYSICAL DESCRIPTION
Number of Pages 13 ; .
942 ## - ADDED ENTRY ELEMENTS (KOHA)
Koha item type Books
Holdings
Withdrawn status Lost status Damaged status Home library Current library Date acquired Full call number Accession Number Koha item type
Withdrawn     KAUAET KAUAET 07/04/2012 631.4 14517 Books
Withdrawn     KAUAET KAUAET 07/04/2012 631.4 14502 Books
      KAUAET KAUAET 07/04/2012 631.4 14500 Books
      KAUAET KAUAET 07/04/2012 631.4 14509 Books
      KAUAET KAUAET 07/04/2012 631.4 14516 Books
Withdrawn     KAUAET KAUAET 07/04/2012 631.4 14503 Books
      KAUAET KAUAET 07/04/2012 631.4 14505 Books
      KAUAET KAUAET 07/04/2012 631.4 14512 Books
Withdrawn     KAUAET KAUAET 07/04/2012 631.4 14504 Books
Withdrawn     KAUAET KAUAET 07/04/2012 631.4 14510 Books
      KAUAET KAUAET 07/04/2012 631.4 14507 Books
Withdrawn     KAUAET KAUAET 07/04/2012 631.4 14519 Books
      KAUAET KAUAET 07/04/2012 631.4 14514 Books
Withdrawn   Damaged KAUAET KAUAET 07/04/2012 631.4 14511 Books
      KAUAET KAUAET 07/04/2012 631.4 14508 Books
      KAUAET KAUAET 07/04/2012 631.4 14513 Books
Withdrawn     KAUAET KAUAET 17/11/2023 631.4 GOP/SO 14501 Books
Withdrawn     KAUAET KAUAET 17/11/2023 631.4 GOP/SO 14506 Books
Withdrawn     KAUAET KAUAET 17/11/2023 631.4 GOP/SO 14515 Books
Withdrawn     KAUAET KAUAET 17/11/2023 631.4 GOP/SO 14518 Books
free website counter